00378nam a2200157Ia 4500008004000000041000800040082001800048100001900066245004600085260002300131300000800154650001200162650001000174650001100184650002500195210210b2008 xxu||||| |||| 00| 0 eng d aeng a361.614K REVM aREVAYYA ODEYAR aManava hakkugalu: manavateya shasana rupa aBengalurub-c2008 a109 ashasana aroopa aManava ahakkugalu:manavateya